Introduction to quantum mechanics : (Record no. 25741)

MARC details
000 -LEADER
fixed length control field 01380cam a2200337 i 4500
001 - CONTROL NUMBER
control field 1897506
003 - CONTROL NUMBER IDENTIFIER
control field EG-ScBUE
005 - DATE AND TIME OF LATEST TRANSACTION
control field 20250309090410.0
008 - FIXED-LENGTH DATA ELEMENTS--GENERAL INFORMATION
fixed length control field 850411t1963 nyua f b 001 0 eng d
020 ## - INTERNATIONAL STANDARD BOOK NUMBER
International Standard Book Number 0486648710
020 ## - INTERNATIONAL STANDARD BOOK NUMBER
International Standard Book Number 9780486648712
040 ## - CATALOGING SOURCE
Original cataloging agency DLC
Language of cataloging eng
Description conventions rda
Transcribing agency DLC
Modifying agency DLC
-- EG-ScBUE
082 04 - DEWEY DECIMAL CLASSIFICATION NUMBER
Classification number 530.1
Item number PAU
Edition number 22
100 1# - MAIN ENTRY--PERSONAL NAME
Personal name Pauling, Linus,
Dates associated with a name 1901-1994,
Relator term author.
245 10 - TITLE STATEMENT
Title Introduction to quantum mechanics :
Remainder of title with applications to chemistry /
Statement of responsibility, etc by Linus Pauling, research professor, linus pauling, Institute of Science and Medicine, Palo Alto, California and E. Bright Wilson, Theodore William Richards, professor of chemistry, emeritus, Harvard University.
264 #1 - PUBLICATION, DISTRIBUTION, ETC. (IMPRINT)
Place of publication, distribution, etc New York :
Name of publisher, distributor, etc Dover Publications,
Date of publication, distribution, etc [1963]
264 #4 - PUBLICATION, DISTRIBUTION, ETC. (IMPRINT)
Date of publication, distribution, etc c1963
300 ## - PHYSICAL DESCRIPTION
Extent xi, 468 pages :
Other physical details illustrations ;
Dimensions 22 cm
336 ## - CONTENT TYPE
Source rdacontent
Content type term text
Content type code txt
337 ## - MEDIA TYPE
Media type term unmediated
Source rdamedia
Media type code n
338 ## - CARRIER TYPE
Carrier type term volume
Carrier type code nc
Source rdacarrier
500 ## - GENERAL NOTE
General note Reprint. Originally published: New York ; London : McGraw-Hill, 1935.
504 ## - BIBLIOGRAPHY, ETC. NOTE
Bibliography, etc Includes bibliographical refernces and index.
650 #7 - SUBJECT ADDED ENTRY--TOPICAL TERM
Topical term or geographic name as entry element Quantum theory.
Source of heading or term BUEsh
9 (RLIN) 1883
650 #7 - SUBJECT ADDED ENTRY--TOPICAL TERM
Topical term or geographic name as entry element Wave mechanics.
Source of heading or term BUEsh
9 (RLIN) 39063
650 #7 - SUBJECT ADDED ENTRY--TOPICAL TERM
Topical term or geographic name as entry element Chemistry, Physical and theoretical.
Source of heading or term BUEsh
9 (RLIN) 2007
653 ## - INDEX TERM--UNCONTROLLED
Resource For college Generalities
Arrived date list December2017
655 ## - INDEX TERM--GENRE/FORM
Form subdivision Reading book
700 1# - ADDED ENTRY--PERSONAL NAME
Personal name Wilson, E. Bright
Fuller form of name (Edgar Bright),
Dates associated with a name 1908-
Relator term author.
942 ## - ADDED ENTRY ELEMENTS (KOHA)
Source of classification or shelving scheme Dewey Decimal Classification
Koha item type Book - Borrowing
Holdings
Withdrawn status Lost status Source of classification or shelving scheme Damaged status Not for loan Collection code Home library Current library Shelving location Date acquired Source of acquisition Total Checkouts Full call number Barcode Date last seen Price effective from Koha item type
    Dewey Decimal Classification     Baccah Central Library Central Library Second Floor 19/12/2017 Purchase   530.1 PAU 000046937 15/07/2025 19/12/2017 Book - Borrowing